| 000 | 00686nam a2200229 i 4500 | ||
|---|---|---|---|
| 001 | 000019015 | ||
| 005 | 20200929165913.0 | ||
| 008 | 750203s1974 onc 000 0 eng | ||
| 010 | _a75300116 | ||
| 015 | _aC*** | ||
| 020 |
_a0771000561 : _c$8.95 |
||
| 040 |
_aDO-SdBNP _cDLC _dDLC |
||
| 043 | _an-cn--- | ||
| 050 | 0 | 0 |
_aJL161 _b.A38 |
| 100 | 1 |
_aAiken, Gordon Harvey, _d1918- _940910 |
|
| 245 | 1 | 4 |
_aThe backbencher : _btrials and tribulations of a member of Parliament / _cGordon Aiken. |
| 260 |
_aToronto : _bMcClelland and Stewart, _c[1974]. |
||
| 300 |
_a190 p. ; _c22 cm. |
||
| 650 | 0 |
_aLegislators _zCanada. _940911 |
|
| 910 | _aCatalogación derivada / LC | ||
| 082 | 0 | 0 | _a328.71 |
| 999 |
_c18533 _d18533 |
||